[Event "FIDE World Bl Team Pool C"]
[Site "London ENG"]
[Date "2025.06.14"]
[Round "1.2"]
[White "Stepanyan, Henrik"]
[Black "Derakhshani, Borna"]
[Result "1-0"]
[BlackTitle "FM"]
[WhiteElo "2200"]
[BlackElo "2348"]
[WhiteTeam "ANI"]
[BlackTeam "Wood Green Youth"]
[WhiteFideId "401030"]
[BlackFideId "12518450"]
[EventDate "2025.06.14"]
[EventType "team"]

1. d4 d5 2. c4 e6 3. Nf3 a6 4. e3 c6 5. Nc3 b5 6. cxd5 exd5 7. Bd3 Bg4 8. O-O
Nf6 9. e4 b4 10. e5 bxc3 11. exf6 cxb2 12. Re1+ Be6 13. fxg7 Bxg7 14. Bxb2 Nd7
15. Rc1 c5 16. Bf5 Qf6 17. dxc5 Qxb2 18. Bxe6 fxe6 19. Rxe6+ Kd8 20. c6 Ra7 21.
Rb1 Qc3 22. Ng5 Rf8 23. cxd7 Rxd7 24. Rxa6 Bd4 25. Ne6+ Ke7 26. Nxd4 Rc7 27.
Qe1+ Qxe1+ 28. Rxe1+ Kf7 29. Ne6 Re7 30. Ng5+ Ke8 31. Ra8+ Kd7 32. Rxe7+ 1-0

[Event "FIDE World Bl Team Pool C"]
[Site "London ENG"]
[Date "2025.06.14"]
[Round "1.3"]
[White "Haydon, David L"]
[Black "Zakarian, Dimitrios Levon"]
[Result "1-0"]
[WhiteTitle "FM"]
[WhiteElo "2284"]
[BlackElo "2079"]
[WhiteTeam "Wood Green Youth"]
[BlackTeam "ANI"]
[WhiteFideId "415405"]
[BlackFideId "453080"]
[EventDate "2025.06.14"]
[EventType "team"]

1. Nf3 Nf6 2. e3 e6 3. c4 d5 4. b3 Be7 5. Bb2 O-O 6. Be2 c5 7. O-O Nc6 8. d4
cxd4 9. Nxd4 Nxd4 10. Qxd4 b6 11. Nc3 Ba6 12. cxd5 Bxe2 13. Nxe2 Qxd5 14. Rfd1
Rfd8 15. Rac1 Rac8 16. Qxd5 Nxd5 17. Nd4 Bf6 18. a3 a6 19. Kf1 Kf8 20. Ba1 Ke8
21. b4 b5 22. Nb3 Bxa1 23. Nxa1 Nb6 24. Nb3 Rxc1 25. Rxc1 Nc4 26. Nc5 Rd6 27. a4
Ke7 28. Ke1 Nb2 29. axb5 axb5 30. Rc3 Rd1+ 31. Ke2 Rb1 32. Rb3 Rg1 33. Rxb2 Rxg2
34. Ra2 Rxh2 35. Ra5 h5 36. Rxb5 h4 37. Rb7+ Kf6 38. Ne4+ Ke5 39. Ng5 f6 40.
Nf3+ 1-0

[Event "FIDE World Bl Team Pool C"]
[Site "London ENG"]
[Date "2025.06.14"]
[Round "1.4"]
[White "Grigoryan, Meri"]
[Black "Balaji, Aaravamudhan"]
[Result "0-1"]
[WhiteTitle "WFM"]
[BlackTitle "IM"]
[WhiteElo "1980"]
[BlackElo "2346"]
[WhiteTeam "ANI"]
[BlackTeam "Wood Green Youth"]
[WhiteFideId "13300571"]
[BlackFideId "436224"]
[EventDate "2025.06.14"]
[EventType "team"]

1. d4 d6 2. Nf3 g6 3. c4 Bg7 4. Nc3 Nc6 5. e4 e5 6. d5 Nd4 7. Be3 Bg4 8. Be2
Nxe2 9. Qxe2 Ne7 10. h3 Bd7 11. O-O O-O 12. Rac1 h6 13. c5 f5 14. cxd6 cxd6 15.
exf5 gxf5 16. Qc4 Rc8 17. Qb3 b6 18. Rfd1 Ng6 19. Nb5 Rxc1 20. Rxc1 f4 21. Bd2
e4 22. Nfd4 Kh7 23. Nc6 Qg5 24. Nxd6 Nh4 25. Kf1 Qxg2+ 26. Ke1 Nf3+ 27. Kd1 Bxc6
28. dxc6 Qf1+ 29. Kc2 Nd4+ 30. Kb1 Nxb3 31. axb3 Qd3+ 32. Rc2 Qxd6 33. c7 Rc8 0-1

[Event "FIDE World Bl Team Pool C"]
[Site "London ENG"]
[Date "2025.06.14"]
[Round "1.5"]
[White "Camp, Imogen A L"]
[Black "Mesropyan, Hayk"]
[Result "0-1"]
[WhiteTitle "WCM"]
[WhiteElo "1915"]
[BlackElo "1866"]
[WhiteTeam "Wood Green Youth"]
[BlackTeam "ANI"]
[WhiteFideId "1802240"]
[BlackFideId "499455"]
[EventDate "2025.06.14"]
[EventType "team"]

1. d4 d5 2. c4 e6 3. Nc3 Nf6 4. Bg5 Be7 5. e3 b6 6. cxd5 exd5 7. Nf3 Bb7 8. Bd3
h6 9. Bh4 O-O 10. Qc2 c5 11. O-O Nc6 12. Rac1 Nb4 13. Qe2 Nxd3 14. Qxd3 Ne4 15.
Bxe7 Qxe7 16. dxc5 Nxc3 17. Qxc3 Rac8 18. b4 bxc5 19. bxc5 Ba6 20. Rfd1 Bc4 21.
Nd4 Rxc5 22. Nf5 Qg5 23. Nd6 Rc6 24. Nxc4 Rxc4 25. Qd4 0-1

[Event "FIDE World Bl Team Pool C"]
[Site "London ENG"]
[Date "2025.06.14"]
[Round "1.6"]
[White "Takvorian, Sebouh"]
[Black "Ivanov, Elizabeth"]
[Result "0-1"]
[WhiteElo "1764"]
[BlackElo "1738"]
[WhiteTeam "ANI"]
[BlackTeam "Wood Green Youth"]
[WhiteFideId "430960"]
[BlackFideId "427284"]
[EventDate "2025.06.14"]
[EventType "team"]

1. e4 d5 2. exd5 Qxd5 3. Nf3 Bg4 4. Be2 e6 5. O-O Nf6 6. c4 Qd8 7. d4 c6 8. c5
Nd5 9. a3 Be7 10. h3 Bh5 11. Nbd2 Nd7 12. Ne4 N7f6 13. Ng3 Bxf3 14. Bxf3 Qc7 15.
Re1 O-O 16. Ne4 Rad8 17. Nc3 Nxc3 18. bxc3 Bxc5 19. Bg5 Be7 20. Qe2 Qa5 21. Qd3
Qxg5 22. Re5 Qxe5 23. dxe5 Rxd3 24. exf6 Bxf6 0-1

[Event "FIDE World Bl Team Pool C"]
[Site "London ENG"]
[Date "2025.06.14"]
[Round "1.1"]
[White "Samadov, Read"]
[Black "Mamedyarov, Shakhriyar"]
[Result "0-1"]
[WhiteTitle "IM"]
[BlackTitle "GM"]
[WhiteElo "2522"]
[BlackElo "2746"]
[WhiteTeam "Rookies"]
[BlackTeam "Generation XYZA"]
[WhiteFideId "13417444"]
[BlackFideId "13401319"]
[EventDate "2025.06.14"]
[EventType "team"]

1. d4 d5 2. c4 dxc4 3. e3 c5 4. Bxc4 cxd4 5. exd4 Nf6 6. Nf3 e6 7. O-O Be7 8.
Nc3 O-O 9. Re1 Nc6 10. a3 b6 11. d5 Na5 12. Ba2 exd5 13. Nxd5 Nxd5 14. Bxd5 Bb7
15. Bxb7 Nxb7 16. Qxd8 Bxd8 17. Bf4 Bf6 18. Be5 Bxe5 19. Nxe5 Rfe8 20. Rad1 Nc5
21. b4 Na4 22. g3 Nc3 23. Rc1 Rac8 24. Nc6 Rxe1+ 25. Rxe1 Kf8 26. Nd4 g6 27. Kg2
Rc4 28. Nf3 Nb5 29. Re3 Rc3 30. Rxc3 Nxc3 31. Nd4 Ke7 32. Kf3 Kd6 33. Ke3 Kd5
34. Kd3 Nd1 35. f3 Nb2+ 36. Kc3 Nc4 37. Nb5 Ne5 38. Nxa7 Nxf3 39. Nc8 Kc6 40. h4
h5 41. a4 Nh2 42. b5+ Kc7 43. Ne7 Nf1 44. Kd4 Nxg3 45. Ke5 Kd7 46. Nd5 Nf5 47.
Nxb6+ Kc7 48. Nd5+ Kb8 49. a5 Nxh4 50. b6 Kb7 51. Kd6 Nf5+ 52. Kc5 h4 53. Kb5
Nd6+ 54. Kc5 h3 55. Nb4 Ne4+ 56. Kb5 Nc3+ 57. Kc5 Na4+ 58. Kb5 Nxb6 59. a6+ Kc7
60. a7 Kb7 0-1

[Event "FIDE World Bl Team Pool C"]
[Site "London ENG"]
[Date "2025.06.14"]
[Round "1.2"]
[White "Gurel, Ediz"]
[Black "Sapenov, Daniyal"]
[Result "0-1"]
[WhiteTitle "GM"]
[BlackTitle "IM"]
[WhiteElo "2636"]
[BlackElo "2405"]
[WhiteTeam "Generation XYZA"]
[BlackTeam "Rookies"]
[WhiteFideId "44507356"]
[BlackFideId "13728911"]
[EventDate "2025.06.14"]
[EventType "team"]

1. Nf3 d5 2. b3 Nf6 3. Bb2 Bf5 4. e3 e6 5. Be2 h6 6. O-O Nbd7 7. c4 c6 8. d3 Bh7
9. Nbd2 Bd6 10. cxd5 exd5 11. Qc2 O-O 12. Rac1 Re8 13. Qb1 a5 14. a3 Ng4 15. h3
Nge5 16. Nxe5 Nxe5 17. Rfd1 Qe7 18. a4 Bg6 19. Nf1 Qh4 20. Qa1 Bf5 21. Nh2 Re6
22. Bxe5 Bxe5 23. Nf3 Qe7 24. Nxe5 Rxe5 25. Qd4 Re8 26. Rc5 Qd8 27. b4 axb4 28.
Qxb4 Bc8 29. a5 Rg5 30. h4 Rg6 31. Rdc1 Bg4 32. Bxg4 Qxh4 33. Qxb7 Qxg4 34. g3
Rxe3 35. Qb8+ Kh7 36. fxe3 Qf3 37. Kh2 Rg5 38. R5c4 dxc4 39. Rxc4 Qe2+ 40. Kh3
Qf1+ 41. Kh2 Qe2+ 42. Kh3 Rxa5 43. Qc8 Rh5+ 44. Rh4 Rxh4+ 45. Kxh4 Qxd3 46. Qxc6
Qxe3 47. Qb7 Qg5+ 48. Kh3 Qf6 49. Qe4+ g6 50. Qb7 Kg7 51. Kg2 h5 52. Qd5 Qb2+
53. Kh3 Qc3 54. Kg2 Qa1 55. Qc6 Qe5 56. Qc4 Qd6 57. Qc3+ Qf6 58. Qc4 Kh7 59. Qd5
Kg8 60. Qa8+ Kg7 61. Qd5 h4 62. gxh4 Qxh4 63. Qe5+ Qf6 64. Qd5 Qc3 65. Qd6 g5
66. Qd5 Qf6 67. Qb7 Kh6 68. Qe4 Qb2+ 69. Kg3 Qc3+ 70. Kg4 Qc8+ 71. Kg3 Qe6 72.
Qd4 f6 73. Qd8 Kg6 74. Qd3+ Qf5 75. Qd8 Qe5+ 76. Kg2 g4 77. Qg8+ Kf5 78. Qh7+
Kf4 79. Qh2+ Ke4 80. Qh7+ f5 81. Qg8 Qd5 82. Qe8+ Kf4+ 83. Kg1 Qd4+ 84. Kf1 Qd3+ 0-1

[Event "FIDE World Bl Team Pool C"]
[Site "London ENG"]
[Date "2025.06.14"]
[Round "1.3"]
[White "Royal, Shreyas"]
[Black "Solak, Dragan"]
[Result "1/2-1/2"]
[WhiteTitle "GM"]
[BlackTitle "GM"]
[WhiteElo "2492"]
[BlackElo "2591"]
[WhiteTeam "Rookies"]
[BlackTeam "Generation XYZA"]
[WhiteFideId "448869"]
[BlackFideId "916811"]
[EventDate "2025.06.14"]
[EventType "team"]

1. Nf3 d5 2. e3 c6 3. c4 Nf6 4. Nc3 g6 5. d4 Bg7 6. Be2 O-O 7. O-O Bg4 8. b3 e6
9. Bb2 Nbd7 10. h3 Bxf3 11. Bxf3 Re8 12. Qc2 a6 13. a4 Rc8 14. Rfd1 Qc7 15. Rac1
Bf8 16. e4 dxe4 17. Nxe4 Nxe4 18. Qxe4 Bg7 19. Qc2 Qd6 20. Bc3 Red8 21. Qe2 Nf6
22. b4 Qd7 23. Rb1 Ne8 24. Ba1 Nd6 25. d5 exd5 26. Bxg7 Kxg7 27. cxd5 c5 28. Bg4
f5 29. bxc5 Rxc5 30. Bf3 Qf7 31. h4 Rc7 32. Qe3 Re7 33. Qb6 Rdd7 34. Rbc1 Qf6
35. Qb4 Nf7 36. Rc8 Qd6 37. Qc3+ Qe5 38. Rb1 Qxc3 39. Rc7 Qc5 40. Rxc5 Nd6 41.
Rc3 Kf7 42. g3 Rc7 43. Rbc1 Rxc3 44. Rxc3 Ke8 45. Kg2 Kd7 46. g4 Re1 47. h5 Ra1
48. gxf5 gxf5 49. Re3 Rxa4 50. Re6 Nf7 51. Rf6 Ne5 52. Rxf5 Nxf3 53. Kxf3 Kd6
54. Rf7 b5 55. Rxh7 Kxd5 56. h6 Rh4 57. Rh8 Ke6 58. h7 Kf7 59. Ra8 Rxh7 60. Ra7+
Kg8 61. Ra8+ Kf7 62. Rxa6 Rh5 63. Ke4 Rc5 64. f4 Ke7 65. Kd4 Rf5 66. Ke4 Rc5 1/2-1/2

[Event "FIDE World Bl Team Pool C"]
[Site "London ENG"]
[Date "2025.06.14"]
[Round "1.4"]
[White "Erdogmus, Yagiz Kaan"]
[Black "Shogdzhiev, Roman"]
[Result "1/2-1/2"]
[WhiteTitle "GM"]
[BlackTitle "FM"]
[WhiteElo "2626"]
[BlackElo "2402"]
[WhiteTeam "Generation XYZA"]
[BlackTeam "Rookies"]
[WhiteFideId "44599790"]
[BlackFideId "55653537"]
[EventDate "2025.06.14"]
[EventType "team"]

1. Nf3 d5 2. b3 Bf5 3. Ba3 Nd7 4. c4 e6 5. Bxf8 Nxf8 6. g3 Nf6 7. Bg2 Bxb1 8.
Rxb1 N8d7 9. O-O c6 10. d4 O-O 11. e3 Qe7 12. Qc2 a5 13. Rfc1 Rac8 14. Qd2 Qb4
15. Qb2 a4 16. a3 Qxb3 17. Qa1 Qd3 18. Rxb7 Rb8 19. Bf1 Qf5 20. Nh4 Qe4 21. Rb4
c5 22. dxc5 Nxc5 23. cxd5 Qxd5 24. Rd4 Qh5 25. Bc4 Nb3 26. Bxb3 axb3 27. Qb2 Qb5
28. Rb4 Qd3 29. Rb1 Rxb4 30. axb4 Rc8 31. Qxb3 Qe2 32. Qd1 Qb5 33. Nf3 Ne4 34.
Nd4 Qb7 35. Qf3 Rb8 36. b5 Nd2 37. Qxb7 Rxb7 38. Rd1 Ne4 39. Nc6 g5 40. Rd8+ Kg7
41. Rb8 Rxb8 42. Nxb8 Nd6 43. b6 Kf6 44. Nd7+ Ke7 45. Nc5 Kd8 46. Kg2 Nc4 47. b7
Kc7 48. Kf3 h5 49. g4 Ne5+ 50. Kg3 Nxg4 51. Nd7 Kxb7 52. h3 Nh6 53. Nf6 Nf5+ 54.
Kf3 Nh4+ 55. Ke4 g4 56. hxg4 hxg4 57. Kf4 Kc7 58. Kxg4 Ng6 59. Kg5 Kd6 60. Ng8
Ne7 61. Nh6 f5 62. Nf7+ Kd7 63. Kf6 Nd5+ 64. Ke5 Nc3 65. Ng5 Nd1 66. Nh3 Ke7 67.
Kd4 Kd6 68. Kd3 Nb2+ 69. Kc3 Na4+ 70. Kc4 Nb2+ 71. Kb3 Nd3 72. Kc3 Nc5 73. Ng5
Kd5 74. f3 Nd7 75. Kd3 e5 76. Ke2 e4 77. Nh3 exf3+ 78. Kxf3 Ne5+ 79. Kf4 Nc4 80.
Kxf5 Nxe3+ 1/2-1/2

[Event "FIDE World Bl Team Pool C"]
[Site "London ENG"]
[Date "2025.06.14"]
[Round "1.5"]
[White "Nurman, Alua"]
[Black "Mamedjarova, Turkan"]
[Result "1-0"]
[WhiteTitle "WGM"]
[BlackTitle "WGM"]
[WhiteElo "2339"]
[BlackElo "2216"]
[WhiteTeam "Rookies"]
[BlackTeam "Generation XYZA"]
[WhiteFideId "13729390"]
[BlackFideId "13402005"]
[EventDate "2025.06.14"]
[EventType "team"]

1. e4 e5 2. Nf3 Nc6 3. Bb5 a6 4. Ba4 Nf6 5. O-O Be7 6. Re1 b5 7. Bb3 d6 8. c3
O-O 9. h3 Nb8 10. d4 Nbd7 11. Nbd2 Bb7 12. Bc2 c5 13. d5 c4 14. Nf1 Re8 15. Ng3
g6 16. Bh6 Bf8 17. Qd2 Bg7 18. Nf5 Bf8 19. Bxf8 Nxf8 20. Nh6+ Kg7 21. Ng5 Re7
22. f4 Qb6+ 23. Kh2 Rd8 24. fxe5 dxe5 25. Rf1 Rd6 26. Rf2 Red7 27. Raf1 Re7 28.
Qc1 Bc8 29. Nf3 Nh5 30. Nxe5 Rf6 31. Rxf6 Nxf6 32. Nc6 Qc7+ 33. Kg1 Rd7 34. Qg5
Qb6+ 35. Kh2 Rd6 36. e5 Rxc6 37. dxc6 1-0

[Event "FIDE World Bl Team Pool C"]
[Site "London ENG"]
[Date "2025.06.14"]
[Round "1.6"]
[White "Yontar, Sabrican Onay"]
[Black "Dauren, Darmen"]
[Result "0-1"]
[WhiteElo "1941"]
[BlackElo "2008"]
[WhiteTeam "Generation XYZA"]
[BlackTeam "Rookies"]
[WhiteFideId "6373623"]
[BlackFideId "13755579"]
[EventDate "2025.06.14"]
[EventType "team"]

1. e4 c5 2. b3 Nf6 3. e5 Nd5 4. Bb2 e6 5. Nc3 Nxc3 6. Bxc3 d5 7. exd6 Qxd6 8.
Nf3 Nc6 9. Bb5 Bd7 10. O-O a6 11. Bxc6 Bxc6 12. Ne5 Be7 13. Nxc6 Qxc6 14. d3 Bf6
15. Bxf6 gxf6 16. Qe2 Rg8 17. f3 Qd5 18. a4 Rg5 19. Qe4 O-O-O 20. Qxd5 Rdxd5 21.
Rae1 f5 22. Re2 Kc7 23. Rfe1 Kd6 24. Kf2 h5 25. f4 Rg4 26. g3 Kc6 27. h3 Rg6 28.
Rg1 Rd8 29. Kf3 Rdg8 30. Reg2 Kd5 31. g4 hxg4+ 32. hxg4 Kd4 33. g5 Rh8 34. Rg3
Kc3 35. R1g2 Rh4 36. Ke3 e5 37. fxe5 f4+ 0-1

[Event "FIDE World Bl Team Pool C"]
[Site "London ENG"]
[Date "2025.06.14"]
[Round "1.1"]
[White "D'Costa, Lorin"]
[Black "Gurevich, Ilya"]
[Result "1/2-1/2"]
[WhiteTitle "IM"]
[BlackTitle "GM"]
[WhiteElo "2370"]
[BlackElo "2586"]
[WhiteTeam "Chess Rising Stars"]
[BlackTeam "e-therapeutics"]
[WhiteFideId "409219"]
[BlackFideId "2000628"]
[EventDate "2025.06.14"]
[EventType "team"]

1. d4 Nf6 2. Nf3 g6 3. c4 Bg7 4. Nc3 d5 5. Bf4 O-O 6. e3 c5 7. dxc5 Qa5 8. Rc1
dxc4 9. Bxc4 Qxc5 10. Bb3 Qa5 11. O-O Na6 12. a3 Bf5 13. Qe2 Nc5 14. Bc2 Bxc2
15. Rxc2 Qa6 16. Qxa6 bxa6 17. Rd1 Rfd8 18. Rcd2 Rxd2 19. Rxd2 Kf8 20. Kf1 Ke8
21. Ke2 Nfd7 22. Nd5 Ne6 23. Nc7+ Nxc7 24. Bxc7 Rc8 25. Bg3 e5 26. Ne1 f6 27.
Rc2 Rxc2+ 28. Nxc2 Ke7 29. e4 Ke6 30. f3 Bf8 31. Bf2 Bc5 32. Bxc5 Nxc5 33. Kd2
a5 34. Kc3 Kd6 35. Kc4 Kc6 36. Ne3 Nd7 37. Nd5 Nb6+ 38. Nxb6 axb6 39. a4 Kd6 40.
Kb5 Kc7 1/2-1/2

[Event "FIDE World Bl Team Pool C"]
[Site "London ENG"]
[Date "2025.06.14"]
[Round "1.2"]
[White "Pert, Nicholas"]
[Black "Wu, Li"]
[Result "1-0"]
[WhiteTitle "GM"]
[BlackTitle "FM"]
[WhiteElo "2509"]
[BlackElo "2278"]
[WhiteTeam "e-therapeutics"]
[BlackTeam "Chess Rising Stars"]
[WhiteFideId "403989"]
[BlackFideId "411086"]
[EventDate "2025.06.14"]
[EventType "team"]

1. d4 d5 2. c4 e6 3. Nf3 Nf6 4. Nc3 c5 5. cxd5 Nxd5 6. e4 Nxc3 7. bxc3 cxd4 8.
cxd4 Bb4+ 9. Bd2 Bxd2+ 10. Qxd2 O-O 11. Rc1 b6 12. Bd3 Bb7 13. O-O Nd7 14. Qf4
Rc8 15. Rxc8 Qxc8 16. Rc1 Qa8 17. h4 h6 18. Rc7 Nf6 19. d5 exd5 20. e5 Ne4 21.
Nd4 Qb8 22. Re7 f6 23. Qg4 Rf7 24. Qe6 Qf8 25. Rxb7 Nc5 26. Qxf7+ Qxf7 27. Bh7+
Kf8 28. Rxf7+ Kxf7 29. exf6 Kxf6 30. Bg8 Ke5 31. Nc6+ Ke4 32. Bh7+ Kf4 33. Nxa7 1-0

[Event "FIDE World Bl Team Pool C"]
[Site "London ENG"]
[Date "2025.06.14"]
[Round "1.3"]
[White "Cumming, Rhys"]
[Black "Mortazavi, Ali"]
[Result "0-1"]
[WhiteTitle "FM"]
[BlackTitle "IM"]
[WhiteElo "2285"]
[BlackElo "2333"]
[WhiteTeam "Chess Rising Stars"]
[BlackTeam "e-therapeutics"]
[WhiteFideId "470163"]
[BlackFideId "401323"]
[EventDate "2025.06.14"]
[EventType "team"]

1. e4 c5 2. Nf3 e6 3. d4 cxd4 4. Nxd4 a6 5. a3 Qc7 6. c4 Nf6 7. Nc3 d6 8. Be2
Be7 9. Be3 O-O 10. Rc1 b6 11. f3 Bb7 12. Qd2 Nbd7 13. g4 Ne5 14. g5 Nfd7 15. f4
Ng6 16. h4 Nc5 17. Qc2 Nxf4 18. Bxf4 e5 19. Nf5 exf4 20. b4 Ne6 21. Nd5 Bxd5 22.
cxd5 Qd7 23. dxe6 fxe6 24. Qc6 Qd8 25. Bc4 Ra7 26. Bxe6+ Kh8 27. Qc3 Bxg5 28.
hxg5 Qxg5 29. Qh3 h6 30. Nxh6 gxh6 31. Qxh6+ Qxh6 32. Rxh6+ Kg7 33. Rh2 Kf6 34.
Bf5 Ke5 35. Rd1 Rg7 36. Rd5+ Kf6 37. Rxd6+ Ke5 38. Rd5+ Kf6 39. Rh6+ Kg5 40.
Rxb6 f3 41. Kf2 Kf4 42. Rg6 Rxg6 43. Bxg6 Rg8 44. Rf5+ Kxe4 45. Bh7 Rg2+ 46. Kf1
Ke3 47. Re5+ Kf4 48. Re4+ Kg3 49. Re7 Rf2+ 50. Ke1 Ra2 51. Rg7+ Kf4 52. Bd3 Ke3
53. Be2 Ra1+ 54. Bd1 f2+ 55. Kf1 Rxd1+ 56. Kg2 Rg1+ 0-1

[Event "FIDE World Bl Team Pool C"]
[Site "London ENG"]
[Date "2025.06.14"]
[Round "1.4"]
[White "Sivanandan, Bodhana"]
[Black "Navrotescu, Andreea"]
[Result "0-1"]
[WhiteTitle "WFM"]
[BlackTitle "WGM"]
[WhiteElo "2109"]
[BlackElo "2333"]
[WhiteTeam "e-therapeutics"]
[BlackTeam "Chess Rising Stars"]
[WhiteFideId "497592"]
[BlackFideId "675946"]
[EventDate "2025.06.14"]
[EventType "team"]

1. e4 e6 2. d4 d5 3. Nd2 Be7 4. e5 c5 5. c3 Nc6 6. Bd3 Nh6 7. Ndf3 cxd4 8. cxd4
Nf5 9. Ne2 O-O 10. O-O Qb6 11. b3 Bd7 12. Bxf5 exf5 13. Bg5 Ba3 14. Rb1 Rac8 15.
Be3 Nb4 16. Bc1 Bxc1 17. Rxc1 Nxa2 18. Rxc8 Rxc8 19. Nf4 Be6 20. Nxe6 fxe6 21.
Ng5 h6 22. Nh3 Nc3 23. Qh5 Qxd4 24. Re1 Qd2 25. Kf1 Qd3+ 26. Kg1 Ne2+ 27. Kh1
Nd4 28. Qg6 Qd2 29. Rg1 Rc1 30. g3 Rxg1+ 31. Kxg1 Qe1+ 32. Kg2 Qe4+ 33. Kf1 Qd3+
34. Kg2 Qf3+ 35. Kf1 Qe2+ 36. Kg2 Qxe5 37. Ng1 Qe4+ 38. f3 Qc2+ 39. Kh3 Qf2 40.
Qe8+ Kh7 41. Qd7 Qxg1 42. Qxb7 Qf1+ 43. Kh4 Qxf3 44. h3 Qe4+ 45. g4 fxg4 46.
hxg4 Nf5+ 47. Kh5 Qh1# 0-1

[Event "FIDE World Bl Team Pool C"]
[Site "London ENG"]
[Date "2025.06.14"]
[Round "1.5"]
[White "Tsaknakis, Zisis"]
[Black "Pert, Max"]
[Result "1/2-1/2"]
[WhiteTitle "FM"]
[BlackTitle "FM"]
[WhiteElo "2333"]
[BlackElo "2277"]
[WhiteTeam "Chess Rising Stars"]
[BlackTeam "e-therapeutics"]
[WhiteFideId "4259963"]
[BlackFideId "456845"]
[EventDate "2025.06.14"]
[EventType "team"]

1. e4 c6 2. d4 d5 3. e5 Bf5 4. h4 a6 5. g4 Bd7 6. Be3 e6 7. f4 h5 8. gxh5 Nh6 9.
Bd3 Qc7 10. Nf3 c5 11. c3 cxd4 12. Nxd4 Nc6 13. Nd2 Be7 14. Qf3 O-O-O 15. O-O-O
Kb8 16. Kb1 f6 17. Nxc6+ Bxc6 18. Bd4 f5 19. Rdg1 Ng4 20. Rxg4 fxg4 21. Qxg4 Rh6
22. Nf3 Rdh8 23. Bg6 Be8 24. Qxe6 Bxg6+ 25. hxg6 Qd8 26. f5 Bxh4 27. f6 gxf6 28.
exf6 Bxf6 29. Rxh6 Bxd4 30. Rh7 Rxh7 31. gxh7 Bh8 32. Ne5 Qh4 33. Qe8+ Ka7 34.
Qxh8 Qe1+ 35. Kc2 Qe2+ 36. Kb3 Qb5+ 37. Ka3 Qa5+ 38. Kb3 Qb5+ 39. Kc2 Qe2+ 40.
Kc1 Qe1+ 41. Kc2 Qe2+ 1/2-1/2

[Event "FIDE World Bl Team Pool C"]
[Site "London ENG"]
[Date "2025.06.14"]
[Round "1.6"]
[White "Mortazavi, Sami"]
[Black "Kennedy, Aden"]
[Result "1-0"]
[WhiteElo "1805"]
[BlackElo "1950"]
[WhiteTeam "e-therapeutics"]
[BlackTeam "Chess Rising Stars"]
[WhiteFideId "343443834"]
[BlackFideId "343401015"]
[EventDate "2025.06.14"]
[EventType "team"]

1. e4 g6 2. d4 Bg7 3. Nc3 c5 4. dxc5 Qa5 5. Bd2 Qxc5 6. Nd5 b6 7. Bb4 Qc6 8. Bb5
Qb7 9. Nf3 a6 10. Bd3 Nc6 11. Bc3 Nf6 12. Nxf6+ exf6 13. O-O O-O 14. Re1 Re8 15.
Qd2 Ne5 16. Qf4 Qc7 17. Rad1 Bb7 18. Nxe5 fxe5 19. Qg3 Rad8 20. h4 d5 21. exd5
Rxd5 22. h5 Qd7 23. Be2 Rxd1 24. Rxd1 Qe6 25. hxg6 hxg6 26. Bg4 Qc6 27. Bf3 e4
28. Bxg7 exf3 29. Bc3 Qb5 30. gxf3 Qe2 31. Re1 Qb5 32. Rxe8+ Qxe8 33. Qh4 f6 34.
Qxf6 Qd7 35. Qh8+ Kf7 36. Qg7+ Ke6 37. Qf6+ Kd5 38. Qd4+ Ke6 39. Qf6+ Kd5 40.
Qxg6 Qe7 41. Qd3+ Kc6 42. Qc4+ Kd7 43. Qd4+ Kc8 44. Qh8+ Kd7 45. Qg7 Bxf3 46.
Qd4+ Ke8 47. Qh8+ Kd7 48. Qh3+ Qe6 49. Qxf3 Qg6+ 50. Qg3 Qxc2 51. Qg7+ Kc6 52.
Qf6+ Kd7 53. Qf7+ Kd6 54. Qf6+ Kd7 55. Qd4+ Kc6 56. Qe3 Qd1+ 57. Kg2 Qg4+ 58.
Qg3 Qd7 59. Qf3+ Kc7 60. Be5+ Kc8 61. Qa8# 1-0

[Event "FIDE World Bl Team Pool C"]
[Site "London ENG"]
[Date "2025.06.14"]
[Round "2.1"]
[White "Abdusattorov, Nodirbek"]
[Black "Pichot, Alan"]
[Result "1-0"]
[WhiteTitle "GM"]
[BlackTitle "GM"]
[WhiteElo "2767"]
[BlackElo "2588"]
[WhiteTeam "Uzbekistan"]
[BlackTeam "Duobeniajan Costa Calida ESJ"]
[WhiteFideId "14204118"]
[BlackFideId "110973"]
[EventDate "2025.06.14"]
[EventType "team"]

1. e4 e5 2. Nf3 Nc6 3. Bb5 g6 4. c3 a6 5. Ba4 d6 6. d4 Bd7 7. O-O Bg7 8. h3 Nf6
9. Re1 O-O 10. Nbd2 Re8 11. Bc2 a5 12. Nf1 a4 13. a3 b5 14. Ng3 Na5 15. Rb1 c5
16. Bd3 Qc7 17. Be3 Rab8 18. d5 Rf8 19. Nh2 h5 20. f4 h4 21. Ne2 Nc4 22. Bf2
exf4 23. Nxf4 g5 24. Bxc4 bxc4 25. Nh5 Qd8 26. Nxg7 Kxg7 27. e5 dxe5 28. Rxe5
Nh7 29. Bxc5 Re8 30. Rxe8 Qxe8 31. Qd2 Qe4 32. Re1 Rxb2 33. Bd4+ Kg6 34. Rxe4
Rxd2 35. Nf3 Rd1+ 36. Kf2 f6 37. Re7 Bf5 38. Ra7 Nf8 39. Rxa4 Bd3 40. Ra6 Nd7
41. a4 Kf5 42. Ke3 Ra1 43. Rd6 Ra2 44. Nxh4+ gxh4 45. Rxd7 Rxg2 46. Rf7 Rg3+ 47.
Kf2 Rxh3 48. Rxf6+ Kg4 49. d6 Rh2+ 50. Kg1 1-0

[Event "FIDE World Bl Team Pool C"]
[Site "London ENG"]
[Date "2025.06.14"]
[Round "2.2"]
[White "Ibarra Jerez, Jose Carlos"]
[Black "Sindarov, Javokhir"]
[Result "1/2-1/2"]
[WhiteTitle "GM"]
[BlackTitle "GM"]
[WhiteElo "2545"]
[BlackElo "2710"]
[WhiteTeam "Duobeniajan Costa Calida ESJ"]
[BlackTeam "Uzbekistan"]
[WhiteFideId "2226332"]
[BlackFideId "14205483"]
[EventDate "2025.06.14"]
[EventType "team"]

1. Nf3 Nf6 2. g3 c5 3. Bg2 g6 4. O-O Bg7 5. c4 Nc6 6. Nc3 d6 7. d4 cxd4 8. Nxd4
Bd7 9. Nxc6 Bxc6 10. e4 O-O 11. Bd2 a6 12. a4 a5 13. Qe2 Nd7 14. Rab1 Nc5 15. b3
e6 16. Rfd1 Qe7 17. Nb5 Rfd8 18. Bf4 Be5 19. Bc1 Rab8 20. h4 Bxb5 21. cxb5 b6
22. Bg5 Bf6 23. Bf4 Be5 24. Bg5 Bf6 25. Bf4 Rbc8 26. Rd2 Bc3 27. Rdd1 Rc7 28.
Qe3 Be5 29. Bg5 Bf6 30. Bf4 Be5 31. Bg5 Bf6 32. Bf4 Be5 33. Bg5 Bf6 34. Bf4 Be5
35. Bg5 Bf6 1/2-1/2